| Tag |
First Indicator |
Second Indicator |
Subfields |
| LEADER |
00000cam a2200000 a 4500 |
| 001 |
in00002575202 |
| 005 |
20151201152225.0 |
| 008 |
100128s2010 cau b 001 0 eng |
| 010 |
|
|
|a 2010002078
|
| 020 |
|
|
|a 9780313379529 (hard copy : alk. paper)
|
| 020 |
|
|
|a 0313379521 (hard copy : alk. paper)
|
| 020 |
|
|
|a 9780313379536 (ebook)
|
| 020 |
|
|
|a 031337953X (ebook)
|
| 035 |
|
|
|a (OCoLC)ocn502674978
|
| 035 |
|
|
|a (OCoLC)502674978
|
| 040 |
|
|
|a DLC
|c DLC
|d YDX
|d YDXCP
|d UtOrBLW
|
| 049 |
|
|
|a TXAM
|
| 050 |
0 |
0 |
|a HQ981
|b .B35 2010
|
| 082 |
0 |
0 |
|a 306.84/23
|2 22
|
| 100 |
1 |
|
|a Bailey, Martha,
|d 1950-
|
| 245 |
1 |
0 |
|a Polygamy in the monogamous world :
|b multicultural challenges for Western law and policy /
|c Martha Bailey and Amy J. Kaufman.
|
| 264 |
|
1 |
|a Santa Barbara, Calif. :
|b Praeger,
|c [2010]
|
| 264 |
|
4 |
|c ©2010
|
| 300 |
|
|
|a 278 pages ;
|c 25 cm.
|
| 336 |
|
|
|a text
|b txt
|2 rdacontent
|
| 337 |
|
|
|a unmediated
|b n
|2 rdamedia
|
| 338 |
|
|
|a volume
|b nc
|2 rdacarrier
|
| 504 |
|
|
|a Includes bibliographical references and index.
|
| 505 |
0 |
|
|a Introduction -- Polygamy in Africa, the Middle East, and Asia -- Plural unions -- Principles that should inform public policy -- How monogamous countries should respond.
|
| 650 |
|
0 |
|a Polygamy.
|
| 650 |
|
0 |
|a Polygamy
|x Religious aspects.
|
| 650 |
|
0 |
|a Polygamy
|x Law and legislation.
|
| 700 |
1 |
|
|a Kaufman, Amy J.
|
| 938 |
|
|
|a YBP Library Services
|b YANK
|n 3130768
|
| 945 |
|
|
|a PromptCat
|b 19907
|
| 946 |
|
|
|a stk
|
| 947 |
|
|
|a A14840234002
|
| 994 |
|
|
|a 92
|b TXA
|
| 948 |
|
|
|a Cataloged
|b h
|c 2010/7/13
|d c
|e ibarton
|
| 999 |
|
|
|a MARS
|
| 999 |
f |
f |
|s c5fde3c7-540d-3446-a72f-e15148d957e6
|i 62ef68a7-04a5-310e-96d2-e19f62ddbef6
|t 0
|
| 952 |
f |
f |
|p normal
|a Texas A&M University
|b College Station
|c Sterling C. Evans Library
|d Evans: Library Stacks
|t 0
|e HQ981 .B35 2010
|h Library of Congress classification
|i unmediated -- volume
|m A14840234002
|
| 998 |
f |
f |
|a HQ981 .B35 2010
|t 0
|l Evans: Library Stacks
|